[Event "Kostroma Volga Cup op"]
[Site "Kostroma"]
[Date "2009.07.??"]
[Round "5"]
[White "Habarov, Aleksey"]
[Black "Kusenkova, Natallia"]
[Result "1/2-1/2"]
[WhiteElo "2178"]
[BlackElo "1913"]
[PlyCount "87"]
[EventDate "2009.07.03"]
[EventType "swiss"]
[EventRounds "9"]
[EventCountry "RUS"]
[SourceTitle "EXT 2021"]
[Source "ChessBase"]
[SourceDate "2020.10.23"]
[SourceVersion "1"]
[SourceVersionDate "2020.10.23"]
[SourceQuality "1"]

1. e4 c5 2. Nf3 d6 3. Bb5+ Bd7 4. Bxd7+ Qxd7 5. 0-0 Nc6 6. d4 cxd4 7. Nxd4 Nf6 8. Nc3 g6 9. Nxc6 bxc6 10. Qe2 Bg7 11. Rd1 Qc7 12. Be3 Nd7 13. Bd4 Bxd4 14. Rxd4 Qb6 15. Rd3 0-0 16. b3 Rfd8 17. Qd2 Nf8 18. Rd1 Qc7 19. Qg5 Qd7 20. f4 Qe6 21. e5 d5 22. Ne2 f6 23. Qg3 Qf7 24. Qe3 e6 25. exf6 Qxf6 26. Re1 Re8 27. Qc5 e5 28. fxe5 Rxe5 29. Rf1 Nd7 30. Qc3 Qd6 31. Nf4 Rf8 32. Rdf3 Ref5 33. Nh3 Rxf3 34. Rxf3 Re8 35. Nf2 Re6 36. g3 Qe7 37. Ng4 Qg5 38. Rf4 Ne5 39. h4 Qe7 40. Nh6+ Kh8 41. Nf7+ Kg8 42. Nh6+ Kh8 43. Qd4 Qg7 44. Qb4 1/2-1/2